Entrepreneurship development / (Record no. 39170)

MARC details
000 -LEADER
fixed length control field 00692nam a22001937a 4500
005 - DATE AND TIME OF LATEST TRANSACTION
control field 20100804121855.0
010 ## - LCCN (DPL NO)
LC control number ENG-98043
020 ## - INTERNATIONAL STANDARD BOOK NUMBER
International Standard Book Number 9788190930178
Terms of availability 120.00
035 ## - SYSTEM CONTROL NUMBER
System control number EN-81576
037 ## - SOURCE OF ACQUISITION
Source of stock number/acquisition DBAD/PUB
082 ## - DEWEY DECIMAL CLASSIFICATION NUMBER
Classification number 338.04
100 ## - MAIN ENTRY--PERSONAL NAME
Personal name Sundaram, M. Shunmuga
245 ## - TITLE STATEMENT
Title Entrepreneurship development /
Statement of responsibility, etc by M. Shunmuga Sundaram
260 ## - PUBLICATION, DISTRIBUTION, ETC. (IMPRINT)
Place of publication, distribution, etc Madurai
Name of publisher, distributor, etc Shanlax Computers
Date of publication, distribution, etc 2009
270 ## - ADDRESS
Address 61, T.P.K. Main Road Vasantha Nagar
City Madurai
Postal code 625003
300 ## - PHYSICAL DESCRIPTION
Extent 144p.
Dimensions 20cm (pbk)
942 ## - ADDED ENTRY ELEMENTS (KOHA)
Source of classification or shelving scheme Dewey Decimal Classification
Item type English Books
Classification part 338.04
Call number suffix SUN
Holdings
Withdrawn status Lost status Not for loan Collection code Home library Current library Date acquired Source of acquisition Cost, normal purchase price Full call number Barcode Copy number Cost, replacement price Koha item type
    Not For Loan Non-fiction D.B.Act.Division D.B.Act.Division 04/08/2010 DBAD/PUB 120.00 338.04 SUN EN-81576 1 120.00 English Books

© Delhi Public Library
Hit Counter
free hit counter